One hundred four (104) advanced essays on current topics / (Record no. 55735)

MARC details
000 -LEADER
fixed length control field 00597nam a22001937a 4500
005 - DATE AND TIME OF LATEST TRANSACTION
control field 20250704104336.0
010 ## - LCCN (DPL NO)
LC control number ENG-103512 ENG-145632
020 ## - INTERNATIONAL STANDARD BOOK NUMBER
International Standard Book Number 9788179662717
Terms of availability 100.00
035 ## - SYSTEM CONTROL NUMBER
System control number EN-87045
035 ## - SYSTEM CONTROL NUMBER
System control number EN-129164
037 ## - SOURCE OF ACQUISITION
Source of stock number/acquisition DBAD/PUB
082 ## - DEWEY DECIMAL CLASSIFICATION NUMBER
Classification number 808.84
100 ## - MAIN ENTRY--PERSONAL NAME
Personal name Ramya,S. V.
245 ## - TITLE STATEMENT
Title One hundred four (104) advanced essays on current topics /
Statement of responsibility, etc by S V Ramya
260 ## - PUBLICATION, DISTRIBUTION, ETC. (IMPRINT)
Place of publication, distribution, etc Chennai
Name of publisher, distributor, etc Emerald Publishers
Date of publication, distribution, etc 2010
270 ## - ADDRESS
Address 15A,First Floor,Casa Major Road Egmore,
City Chennai
Postal code 60008
300 ## - PHYSICAL DESCRIPTION
Extent 254p.
Dimensions 22cm (pbk)
942 ## - ADDED ENTRY ELEMENTS (KOHA)
Source of classification or shelving scheme Dewey Decimal Classification
Item type English Books
Call number suffix RAM
Classification part 808.84
Holdings
Withdrawn status Lost status Not for loan Collection code Home library Current library Date acquired Source of acquisition Cost, normal purchase price Full call number Barcode Copy number Cost, replacement price Koha item type
    Not For Loan Non-fiction D.B.Act.Division D.B.Act.Division 19/08/2011 DBAD / PUB 100.00 808.84 RAM EN-87045 1 100.00 English Books
      Non-fiction Sarojini Nagar Sarojini Nagar 04/07/2025 Delivery of Books Act Division 100.00 RAM 808.84 EN-129164 1 100.00 English Books

© Delhi Public Library
Hit Counter
free hit counter